Sufi aphorisms (Record no. 542276)

000 -LEADER
fixed length control field 00443nam a2200157 a 4500
082 ## - DEWEY DECIMAL CLASSIFICATION NUMBER
Classification number 297.4
Author Mark ATA
-- L31,P-168
100 1# - MAIN ENTRY--PERSONAL NAME
Personal name Ibn Ata Ullah
9 (RLIN) 37403
245 1# - TITLE STATEMENT
Title Sufi aphorisms
Remainder of title kitab al-hikam
260 ## - PUBLICATION, DISTRIBUTION, ETC.
Place of publication, distribution, etc. Lahore:
Name of publisher, distributor, etc. Suhail Academy ,
Date of publication, distribution, etc. 1973
300 ## - PHYSICAL DESCRIPTION
Extent 88p.
526 ## - STUDY PROGRAM INFORMATION NOTE
Program name 0
Interest level 0
Reading level 0
Title point value 297_400000000000000_ATA
650 #0 - SUBJECT ADDED ENTRY--TOPICAL TERM
Topical term or geographic name entry element MCE
9 (RLIN) 379
650 #0 - SUBJECT ADDED ENTRY--TOPICAL TERM
Topical term or geographic name entry element Sufism -- Early Works To 1800
9 (RLIN) 37404
700 ## - ADDED ENTRY--PERSONAL NAME
Personal name Danner, victor (tr.)
9 (RLIN) 37405
942 ## - ADDED ENTRY ELEMENTS (KOHA)
Source of classification or shelving scheme
Koha item type Book
Holdings
Withdrawn status Lost status Source of classification or shelving scheme Damaged status Not for loan Permanent Location Current Location Date acquired Total Checkouts Full call number Barcode Date last seen Price effective from Koha item type
          Military College of Engineering (MCE) Military College of Engineering (MCE) 09/30/2013   297.4 ATA MCE-21383 09/30/2013 09/30/2013 Book
© 2023 Central Library, National University of Sciences and Technology. All Rights Reserved.